000
00235 a2200097 4500
001
16173
100
_a
Fatimi, S S
245
_a
Economic Survey of the Muslim Countries
260
_a
_b
Majhi-i-Tahqiqat, Islam
_c
090
_c
12459
_d
12459
942
_a
NUST-CAE
_c
M
_c
2735
999
_c
251246
_d
251246